000 00256nam a2200109Ia 4500
001 588755
005 20250717120837.0
008 250717s9999 xx 000 0 und d
245 0 _aZ-2 FALAKA
_cAHMET RASİM
260 _bERDEM YAYINLARI
_c2017
300 _b94
999 _c588755
_d588755